000 00259nam a22001217a 4500
008 180605b xxu||||| |||| 00| 0 eng d
041 _aeng
080 _a043.3
100 _a0
101 _aSGJU0VA
245 _aRrjetat WLAN
_cKrasniqi, Xh
942 _2udc
_cBK
999 _c46348
_d46348